| 000 | 00773cam a22002297a 4500 | ||
|---|---|---|---|
| 001 | 34627 | ||
| 005 | 20230410101836.0 | ||
| 008 | 860820s1986 dr a 000 0 spa | ||
| 035 | _9(DLC) 86196409 | ||
| 035 | _a1942511 | ||
| 942 |
_2lcc _cbk |
||
| 010 | _a86196409 | ||
| 040 |
_aDLC _cDLC |
||
| 050 | 1 | 4 |
_a118 BX 1459 _bB446c 1986 |
| 100 | 2 |
_aBello Peguero, Rafael, _d1932- |
|
| 245 | 1 | 0 |
_aCabildo honorario de la Catedral de Santo Domingo / _cRafael Bello Peguero. |
| 260 |
_aSanto Domingo, República Dominicana : _bEditora Amigo del Hogar, _c1986. |
||
| 300 |
_a172 p. : _bill. ; _c22 cm. |
||
| 651 | 0 |
_aDominican Republic _xChurch history _vSources. |
|
| 610 | 2 | 0 |
_aCatholic Church. _bProvince of Santo Domingo (Dominican Republic) _xHistory _vSources. |
| 922 | _aap | ||
| 999 |
_c14878 _d14878 |
||